000 00649nam a2200277Ia 4500
008 160716s9999||||xx |||||||||||||| ||und||
040 _cEnglish
082 _aXI.A/Alexander
082 _bBORI-52013
100 _aHorace Alexander
245 _aIndia Since Cripps
260 _aNew York
260 _bPenguine Books
300 _a93
300 _cA
300 _ePaperback
530 _u00052013.pdf
563 _aStudy
600 _aHorace Alexander
630 _aIndia Since Cripps
650 _aBuddhism
650 _aBuddhism & Jainism
700 _aHorace Alexander
730 _aIndia Since Cripps
942 _cBOOK
999 _c1396586
_d1396583